• 首页
  • 本馆介绍
  • 公告通知
  • 最新文献
  • 馆藏检索
  • 电子资源
  • 读者导购
  • 参考咨询
  • 我的图书馆
  • 登录
  • 详细信息显示
  • 放入我的书架
  • 预约/预借图书
  • 作者相关作品
  • 分类相关作品
  • 丛书相关作品
  • 出版社相关作品

书目信息

  • 表格格式
  • 工作单格式
  • 卡片格式
题名:
生物与地理环境
    
 
作者: 陈鹏 , 赵小鲁 著
分册:  
出版信息: 北京   中国青年出版社  1985
页数: 164页
开本: 19cm
丛书名:
单 册:
中图分类: Q-49
科图分类:
主题词: 生物-关系-地理环境 , 地理环境-关系-生物 , 生物地理学 , 生物学--普及读物
电子资源:
ISBN:
000 00765nam0 2200289 45
001 0185010794
005 20040524162221.8
010    @dCNY0.73
091    @a12009.78
100    @a19900903d1985 em y0chiy0121 ea
101 0  @achi
102    @aCN@b110000
105    @ay z 000yy
106    @ar
200 10 @a生物与地理环境@Asheng wu yu di li huan jing@f陈鹏, 赵小鲁著
210    @a北京@c中国青年出版社@d1985
215    @a164页@d19cm
606    @a生物-关系-地理环境
606    @a地理环境-关系-生物
606    @a生物地理学
606 0  @a生物学@x普及读物
690    @aQ-49
701  0 @a陈鹏@Achen peng@4著
701  0 @a赵小鲁@Azhao xiao lu@4著
801  0 @aCN@b深圳图书馆@c20040524
801  2 @aCN@bNLC@c20040524
905    @f4@b149065-068@dQ-49@e11
    
    生物与地理环境/陈鹏, 赵小鲁著.-北京:中国青年出版社,1985
    164页;19cm
    
    
    ISBN :CNY0.73
    
●
相关链接 在E读中查询图书 在五车中查询图书 在当当中查询图书 在豆瓣中查询图书


正题名:生物与地理环境     索取号:Q-49/11         预约/预借

序号 登录号 条形码 馆藏地/架位号 状态 备注
1 0149065   000075162   第三借阅区/ [索取号:Q-49/11] 在馆    
2 0149066   000075171   密集书库/ [索取号:Q-49/11] 在馆    
3 0149067   000624337   密集书库/ [索取号:Q-49/11] 在馆    
4 0149068   000075153   密集书库/ [索取号:Q-49/11] 在馆    
5 0149069   202106719   第二样本阅览室/ [索取号:Q-49/11] 在馆    
唐山师范学院图书馆 欢迎您!
大连网信软件有限公司© 版权所有